Lippincott"s Illustrated Reviews : (Record no. 13576)
[ view plain ]
| 000 -LEADER | |
|---|---|
| fixed length control field | 00634nam a22002177a 4500 |
| 003 - CONTROL NUMBER IDENTIFIER | |
| control field | OSt |
| 005 - DATE AND TIME OF LATEST TRANSACTION | |
| control field | 20140310182444.0 |
| 008 - FIXED-LENGTH DATA ELEMENTS--GENERAL INFORMATION | |
| fixed length control field | 130805t xxu||||| |||| 00| 0 eng d |
| 020 ## - INTERNATIONAL STANDARD BOOK NUMBER | |
| International Standard Book Number | 9781451117073 |
| 050 ## - LIBRARY OF CONGRESS CALL NUMBER | |
| Classification number | RM 301.14 |
| Item number | .F56 2009 |
| 245 ## - TITLE STATEMENT | |
| Title | Lippincott"s Illustrated Reviews : |
| Remainder of title | Pharmacology / |
| 250 ## - EDITION STATEMENT | |
| Edition statement | 4th ed. |
| 260 ## - PUBLICATION, DISTRIBUTION, ETC. (IMPRINT) | |
| Place of publication, distribution, etc | Philadelphia : |
| Name of publisher, distributor, etc | Lippincott's Williams & Wilkins, |
| Date of publication, distribution, etc | c2009. |
| 300 ## - PHYSICAL DESCRIPTION | |
| Extent | xi. 564 p. : |
| Other physical details | ill. ; |
| Dimensions | 26 cm. |
| 650 ## - SUBJECT ADDED ENTRY--TOPICAL TERM | |
| Topical term or geographic name as entry element | Pharmacology |
| General subdivision | Examination Questions. |
| 9 (RLIN) | 7620 |
| 650 ## - SUBJECT ADDED ENTRY--TOPICAL TERM | |
| Topical term or geographic name as entry element | Pharcology |
| General subdivision | Outline. |
| 9 (RLIN) | 7621 |
| 942 ## - ADDED ENTRY ELEMENTS (KOHA) | |
| Source of classification or shelving scheme | Library of Congress Classification |
| Koha item type | |
| Withdrawn status | Lost status | Source of classification or shelving scheme | Damaged status | Home library | Current library | Shelving location | Date acquired | Source of acquisition | Total Checkouts | Total Renewals | Full call number | Barcode | Date last seen | Date checked out | Copy number | Price effective from | Koha item type |
|---|---|---|---|---|---|---|---|---|---|---|---|---|---|---|---|---|---|
| Library of Congress Classification | South SEED-LPDH College Library | College Library | South SEED-LPDH College Section | 08/05/2013 | 3 | 22 | RM 301.14 .F56 2009 | SSLC0952 | 05/15/2018 | 02/05/2018 | 3 | 08/05/2013 | Books | ||||
| Library of Congress Classification | South SEED-LPDH College Library | South SEED-LPDH College Library | South SEED-LPDH College Section | 08/05/2013 | Donation | 4 | 12 | RM 301.14 .F56 2009 | SSLC0950 | 10/24/2018 | 08/31/2018 | 1 | 08/05/2013 | Books | |||
| Library of Congress Classification | South SEED-LPDH College Library | South SEED-LPDH College Library | South SEED-LPDH College Section | 08/05/2013 | 3 | 11 | RM 301.14 .F56 2009 | SSLC0951 | 05/15/2018 | 02/05/2018 | 2 | 08/05/2013 | Books |